| 000 | 00844nam a2200193Ia 4500 | ||
|---|---|---|---|
| 999 |
_c34441 _d34441 |
||
| 001 | 184 | ||
| 003 | GE_BSU | ||
| 005 | 20220818132704.0 | ||
| 008 | 181216s1999||||ge |||||||||||||| ||geo|| | ||
| 040 | _cGE_BSU | ||
| 041 | _ageo | ||
| 080 | _a338.22 კ–41 | ||
| 100 |
_aკესონი,ჰერბერტ ნიუტონ _914540 |
||
| 245 |
_a ბიზნესის აქსიომები (საქმიანი ბესტსელერი) : _b[უნიკალ. სამაგიდო წიგნი ბიზნესმენთათვის / _cჰერბერტ ნიუტონ კესონი; მთარგმნ.: თ. ფიფია. |
||
| 264 |
_aთბ. : _bბიზნესი, _c1999. |
||
| 300 |
_a333 გვ.; _b 20 სმ. |
||
| 653 | _aბიზნესი | ||
| 942 |
_cBK _2udc |
||